000 00360 a2200145 4500
001 169560
020 _a
040 _cMagnum
100 _aSchwartz, Bertrand
240 1 0 _aA educacao, amanha: um projeto de educacao permanente
_lpor
245 1 0 _aA educacao, amanha: um projeto de educacao permanente
362 0 _a1899
697 _aENSINO
942 _cBK
999 _c169560
_d169560